Trendy rozwoju gospodarczego Japonii.
Rozvoj Japonska do prvej svetovej vojny (1868-1914). Prvá svetová vojna a medzivojnové obdobie (1914-1939). Druhá svetová vojna, povojnové reformy a výstavba (1939-1951). Zrýchlený rozvoj (1951-1973). Rozvoj medzinárodného obchodu a investícií bol hlavným faktorom hospodárskeho rastu Japonska.
Salvato in:
| Autore principale: | |
|---|---|
| Natura: | Capitolo di libro |
| Lingua: | polacco |
| Soggetti: | |
| Tags: |
Nessun Tag, puoi essere il primo ad aggiungerne!!
|
MARC
| LEADER | 00000naa a2200000 4500 | ||
|---|---|---|---|
| 001 | r007737 | ||
| 005 | 20221125122638.5 | ||
| 041 | 0 | |a pol | |
| 044 | |a PL | ||
| 245 | 1 | 0 | |a Trendy rozwoju gospodarczego Japonii. |c M. Tomaszewski |
| 520 | |a Rozvoj Japonska do prvej svetovej vojny (1868-1914). Prvá svetová vojna a medzivojnové obdobie (1914-1939). Druhá svetová vojna, povojnové reformy a výstavba (1939-1951). Zrýchlený rozvoj (1951-1973). Rozvoj medzinárodného obchodu a investícií bol hlavným faktorom hospodárskeho rastu Japonska. | ||
| 610 | 2 | 0 | |a rozvoj hospodársky |
| 610 | 2 | 0 | |a Japonsko |
| 610 | 2 | 0 | |a 1868-1973 |
| 610 | 2 | 0 | |a obchod medzinárodný |
| 610 | 2 | 0 | |a investície |
| 610 | 2 | 0 | |a reformy hospodárske |
| 100 | 1 | |a Tomaszewski, M. | |